| 000 | 00467nam a22001457a 4500 | ||
|---|---|---|---|
| 003 | macl | ||
| 005 | 20170707121448.0 | ||
| 008 | 170707b xxu||||| |||| 00| 0 eng d | ||
| 040 | _cmacl | ||
| 100 |
_a मधुदीप _968085 |
||
| 245 | _aपड़ाव और पड़ताल खण्ड -2 | ||
| 260 |
_a दिल्ली _b दिल्ली दिशा प्रकाशन _c2014 |
||
| 650 |
_a लघुकथा _956911 |
||
| 942 |
_2ddc _cHIN |
||
| 999 |
_c56716 _d56716 |
||